000
00250nam a2200109Ia 4500
005
20251222114338.0
008
251222s1900||||xx |||||||||||||| ||spa||
082
_a
DVD0093/S17
245
0
_a
Adolescentes armados
264
_b
Salzman, Eric.
942
_c
DVD
999
_c
756
_d
756